عرض عادي
عرض مارك
- Puntambekar, Shailesh.
مدخل إسم شخص
001 - رقم الضبط
- حقل الضبط: 15879
003 - معرف رقم الضبط
- حقل الضبط: OSt
005 - تاريخ ووقت أخر عملية
- حقل الضبط: 20120623103518.0
008 - عناصر بيانات ثابتة الطول
- حقل تحكم ثابت الطول: 120623|||a|||||| | ||| d
040 ## - مصدر الفهرسة
- هيئة الفهرسة الأصلية: OSt
- وكالة الكتابة: OSt
100 ## - مدخل -- أسم شخص
- إسم شخص: Puntambekar, Shailesh.
670 ## - بيانات المصدر موجوده
- الاستشهاد بالمصدر: Work cat.: (OSt)0: Puntambekar, Shailesh., Atlas of minimally invasive surgery in esophageal carcinoma, 2010.
